[Event "DEM U12/U12w 2009"]
[Site "Willingen GER"]
[Date "2009.06.05"]
[Round "9"]
[White "Ruff, Maximilian"]
[Black "Müller, Constantin"]
[Result "1/2-1/2"]
[Termination "normal"]
[Board "20"]
[WhiteElo "1651"]
[BlackElo "1565"]
[PlyCount "82"]
[WhiteFideId "1271670"]
[BlackFideId "24697630"]
[EventCountry "GER"]
[EventRounds "11"]
[EventType "swiss"]
[EventDate "2009.05.30"]

1. e4 e6 2. d4 d5 3. e5 c5 4. c3 Nc6 5. Nf3 Qb6 6. Be2 Nh6 7. Na3 cxd4 8. cxd4
Bxa3 9. bxa3 Nf5 10. Be3 Qa5+ 11. Kf1 Qxa3 12. Qd2 Bd7 13. Rb1 b6 14. Bd3 Nfe7
15. Qe2 Nc8 16. Bc1 Qe7 17. Bg5 Qf8 18. Qb2 h6 19. Bc1 a6 20. Qc3 g6 21. Ba3
Qg7 22. h3 g5 23. Nh2 h5 24. g4 h4 25. Nf3 f6 26. Bc1 Rg8 27. Be3 Qe7 28. Qd2
fxe5 29. dxe5 Qg7 30. Bxg5 Nxe5 31. Nxe5 Qxe5 32. Bxh4 Qh8 33. Bg3 Rxg4 34.
hxg4 Qxh1+ 35. Ke2 Qh8 36. Bg6+ Kd8 37. Qc2 Ra7 38. Rc1 e5 39. Bf5 Ne7 40. Bxd7
Rxd7 41. Qb2 Qh6 1/2-1/2

[Event "DEM U12/U12w 2009"]
[Site "Willingen GER"]
[Date "2009.06.05"]
[Round "9"]
[White "Schmitt, Carsten"]
[Black "Oehne, Timo"]
[Result "1-0"]
[Termination "normal"]
[Board "21"]
[WhiteElo "1624"]
[BlackElo "1551"]
[PlyCount "105"]
[WhiteFideId "24661040"]
[BlackFideId "24661635"]
[EventCountry "GER"]
[EventRounds "11"]
[EventType "swiss"]
[EventDate "2009.05.30"]

1. d4 Nf6 2. Nf3 g6 3. g3 d6 4. Bg2 Bg7 5. c4 O-O 6. O-O Nbd7 7. Nc3 e5 8. e4
c6 9. h3 Ne8 10. Be3 f5 11. dxe5 dxe5 12. Re1 Nc7 13. exf5 gxf5 14. Bg5 Qe8 15.
Bf4 Rf7 16. Bg5 e4 17. Nd2 Ne6 18. Be3 c5 19. f3 Bxc3 20. bxc3 exf3 21. Bxf3
Rg7 22. Bf4 Qg6 23. Bd5 Ndf8 24. Nf3 Qh5 25. Kh2 h6 26. Nh4 Qxd1 27. Raxd1 Kh7
28. Bd6 Rg5 29. Rf1 Ng6 30. Nxg6 Kxg6 31. Be7 Bd7 32. Bxg5 hxg5 33. Bxb7 Rd8
34. Rfe1 Kf6 35. Bd5 Rb8 36. Bxe6 Bxe6 37. Rd6 Rb6 38. Rxb6 axb6 39. Rb1 Bxc4
40. Rxb6+ Ke5 41. a4 Ke4 42. a5 Kd3 43. a6 Kxc3 44. a7 Bd5 45. Rb8 c4 46. a8=Q
Bxa8 47. Rxa8 Kd3 48. Ra5 c3 49. Rxf5 c2 50. Rc5 Kd2 51. Kg2 c1=Q 52. Rxc1 Kxc1
53. Kf3 1-0

[Event "DEM U12/U12w 2009"]
[Site "Willingen GER"]
[Date "2009.06.05"]
[Round "9"]
[White "Hansch, Stephan"]
[Black "Sabirov, Ramil"]
[Result "1/2-1/2"]
[Termination "normal"]
[Board "22"]
[WhiteElo "1791"]
[BlackElo "1518"]
[PlyCount "109"]
[BlackFideId "12900303"]
[EventCountry "GER"]
[EventRounds "11"]
[EventType "swiss"]
[EventDate "2009.05.30"]

1. d4 Nf6 2. Nf3 e6 3. e3 b6 4. Bd3 Bb7 5. O-O c5 6. c4 Be7 7. Nc3 Nc6 8. b3
O-O 9. Bb2 cxd4 10. exd4 Nb4 11. Bb1 d5 12. a3 Nc6 13. Qc2 dxc4 14. bxc4 Nxd4
15. Nxd4 Qxd4 16. Nd5 Qe4 17. Nxf6+ Bxf6 18. Qxe4 Bxe4 19. Bxf6 Bxb1 20. Bxg7
Kxg7 21. Raxb1 Rac8 22. Rfc1 Rfd8 23. Kf1 Rd2 24. Ke1 Ra2 25. Rc3 Rd8 26. Rf3
Rc2 27. Rf4 Rd3 28. Ra1 Kg6 29. a4 f5 30. a5 e5 31. axb6 axb6 32. Rf3 Rxf3 33.
gxf3 Rxc4 34. Rb1 Rc6 35. Rb5 Re6 36. Kf1 Kf6 37. Ke2 Kg5 38. Rb1 Kh4 39. h3
Kg5 40. Ke3 Rc6 41. Rb5 Rc3+ 42. Ke2 Kf4 43. Rb4+ e4 44. fxe4 fxe4 45. Rxb6
Rxh3 46. Rb8 Rh5 47. Rf8+ Kg4 48. Re8 Kh3 49. Rxe4 Rg5 50. Re3+ Kh2 51. f4 Rg7
52. f5 Rf7 53. Rf3 Kg2 54. f6 h5 55. Ke3 1/2-1/2

[Event "DEM U12/U12w 2009"]
[Site "Willingen GER"]
[Date "2009.06.05"]
[Round "9"]
[White "Wendland, Tobias"]
[Black "Knopf, Felix"]
[Result "1/2-1/2"]
[Termination "normal"]
[Board "23"]
[WhiteElo "1622"]
[BlackElo "1741"]
[PlyCount "56"]
[WhiteFideId "24662267"]
[BlackFideId "24692204"]
[EventCountry "GER"]
[EventRounds "11"]
[EventType "swiss"]
[EventDate "2009.05.30"]

1. d4 d5 2. c4 c6 3. Nc3 Nf6 4. Nf3 e6 5. Bg5 Be7 6. e3 Nbd7 7. Bd3 dxc4 8.
Bxc4 b5 9. Bd3 Bb7 10. O-O a6 11. a4 O-O 12. Qe2 b4 13. Ne4 Nxe4 14. Bxe7 Qxe7
15. Bxe4 Nf6 16. Bd3 a5 17. Rac1 Rfc8 18. Rc2 c5 19. dxc5 Rxc5 20. Rfc1 Rac8
21. h3 h6 22. Nd4 Rxc2 23. Rxc2 Rxc2 24. Qxc2 Qd7 25. Bb5 Qd5 26. Nf3 Qd6 27.
Nd4 Qd5 28. Nf3 Qd6 1/2-1/2

[Event "DEM U12/U12w 2009"]
[Site "Willingen GER"]
[Date "2009.06.05"]
[Round "9"]
[White "Jermann, Isabel"]
[Black "Hirschmann, Jakob"]
[Result "0-1"]
[Termination "normal"]
[Board "24"]
[WhiteElo "1328"]
[BlackElo "1678"]
[PlyCount "46"]
[BlackFideId "24652067"]
[EventCountry "GER"]
[EventRounds "11"]
[EventType "swiss"]
[EventDate "2009.05.30"]

1. d4 e6 2. Nf3 Nf6 3. c3 d5 4. Bf4 b6 5. e3 Bb7 6. Bd3 Nbd7 7. Nbd2 Be7 8. Ne5
a6 9. Qf3 c5 10. Qg3 Nh5 11. Qf3 Nxf4 12. Qxf4 f6 13. Nxd7 Qxd7 14. Qh4 O-O-O
15. Qg4 g5 16. b3 h5 17. Qe2 b5 18. c4 dxc4 19. bxc4 cxd4 20. cxb5 dxe3 21.
Qxe3 Qxd3 22. Qxe6+ Kb8 23. Nb3 Bb4+ 0-1

[Event "DEM U12/U12w 2009"]
[Site "Willingen GER"]
[Date "2009.06.05"]
[Round "9"]
[White "Kast, Joannis"]
[Black "Lagunow, Elina"]
[Result "1/2-1/2"]
[Termination "normal"]
[Board "25"]
[WhiteElo "1618"]
[BlackElo "1726"]
[PlyCount "51"]
[WhiteFideId "24698776"]
[BlackFideId "4673387"]
[EventCountry "GER"]
[EventRounds "11"]
[EventType "swiss"]
[EventDate "2009.05.30"]

1. e4 c5 2. Nf3 a6 3. d4 cxd4 4. Nxd4 Nf6 5. Nc3 e5 6. Nb3 Bb4 7. Bd2 Qc7 8.
Bd3 O-O 9. a3 Bxc3 10. Bxc3 Rd8 11. Qe2 Nc6 12. O-O d5 13. f3 Be6 14. Kh1 Nh5
15. Bd2 Nf6 16. Bg5 Qe7 17. Qe3 Rac8 18. Nd2 d4 19. Qe2 h6 20. Bh4 Rd7 21. Rfc1
Rdc7 22. Kg1 Bd7 23. Be1 Nh5 24. g3 Qg5 25. Kh1 Bh3 26. Nf1 1/2-1/2

[Event "DEM U12/U12w 2009"]
[Site "Willingen GER"]
[Date "2009.06.05"]
[Round "9"]
[White "Damm, Nils"]
[Black "Brinkmann, Fabian"]
[Result "1-0"]
[Termination "normal"]
[Board "26"]
[WhiteElo "1458"]
[BlackElo "1601"]
[PlyCount "75"]
[WhiteFideId "24693065"]
[BlackFideId "24661414"]
[EventCountry "GER"]
[EventRounds "11"]
[EventType "swiss"]
[EventDate "2009.05.30"]

1. e4 c6 2. Nf3 d5 3. Nc3 dxe4 4. Nxe4 Bf5 5. Ng3 Bg6 6. h4 h6 7. Ne5 Bh7 8.
Qh5 g6 9. Qf3 Nf6 10. Qb3 Qd5 11. Qxb7 Qxe5+ 12. Be2 Qd6 13. Qxa8 Qc7 14. Bf3
Kd7 15. d3 Bg7 16. Be3 Na6 17. Qxa7 Qxa7 18. Bxa7 Nd5 19. Bxd5 cxd5 20. c3 Ra8
21. Bd4 e5 22. Be3 f5 23. f4 exf4 24. Bxf4 Nc5 25. Kd2 Bg8 26. Be3 Ne6 27. Ne2
Bf7 28. Nd4 f4 29. Bf2 Nxd4 30. Bxd4 Bxd4 31. cxd4 Ra4 32. Kc3 Kd6 33. b3 Ra7
34. a4 Be6 35. Raf1 Rc7+ 36. Kb2 Rf7 37. Rf2 Bg4 38. b4 1-0

[Event "DEM U12/U12w 2009"]
[Site "Willingen GER"]
[Date "2009.06.05"]
[Round "9"]
[White "Stolberg, Daniel"]
[Black "Pixa, Richard"]
[Result "0-1"]
[Termination "normal"]
[Board "28"]
[WhiteElo "1412"]
[BlackElo "1788"]
[PlyCount "44"]
[BlackFideId "4626095"]
[EventCountry "GER"]
[EventRounds "11"]
[EventType "swiss"]
[EventDate "2009.05.30"]

1. Nf3 Nf6 2. g3 d5 3. Bg2 Nc6 4. d3 e5 5. Nbd2 e4 6. dxe4 dxe4 7. Ng5 e3 8.
fxe3 Ng4 9. Nde4 Qxd1+ 10. Kxd1 Bf5 11. Ke1 Nb4 12. Kd2 h6 13. Nxf7 Kxf7 14.
Rf1 Ke6 15. Kc3 Nd5+ 16. Kd3 Rd8 17. Rxf5 Ndxe3+ 18. Kc3 Nxf5 19. Bf4 g5 20.
Bd2 Bg7+ 21. Kb4 b6 22. h3 Nge3 0-1

[Event "DEM U12/U12w 2009"]
[Site "Willingen GER"]
[Date "2009.06.05"]
[Round "9"]
[White "Myagkov, Kirill"]
[Black "Herbst, Timothy"]
[Result "0-1"]
[Termination "normal"]
[Board "29"]
[WhiteElo "1551"]
[BlackElo "1416"]
[PlyCount "102"]
[WhiteFideId "24657042"]
[BlackFideId "12900346"]
[EventCountry "GER"]
[EventRounds "11"]
[EventType "swiss"]
[EventDate "2009.05.30"]

1. e4 c5 2. Nc3 d6 3. g3 Nf6 4. Bg2 g6 5. f4 Nc6 6. d3 Bg7 7. Nf3 Bg4 8. O-O
Nd4 9. Be3 Nxf3+ 10. Bxf3 Bh3 11. Bg2 Qc8 12. Nb5 O-O 13. Nc3 Be6 14. Qf3 Ng4
15. Bd2 Bd4+ 16. Kh1 Nf2+ 17. Rxf2 Bg4 18. Nd5 Re8 19. Bh3 Bxf3+ 20. Rxf3 Qxh3
21. Nc7 Qd7 22. Nxe8 Rxe8 23. c3 Bg7 24. Rg1 h5 25. f5 Rf8 26. g4 f6 27. gxh5
g5 28. h4 Bh6 29. hxg5 fxg5 30. Bxg5 Kh7 31. Bxh6 Kxh6 32. Rg6+ Kh7 33. h6 Rf7
34. Rfg3 Qe8 35. Rg7+ Rxg7 36. hxg7 Kg8 37. Kg2 Qh5 38. d4 Qe2+ 39. Kh3 cxd4
40. cxd4 Qxe4 41. Rb3 Qxf5+ 42. Kg3 Qe4 43. Kh3 Qxd4 44. Rxb7 Qe3+ 45. Kh2 Qf2+
46. Kh3 Qf3+ 47. Kh4 Qxb7 48. Kg5 Qxb2 49. Kf5 Qxa2 50. Ke4 Kxg7 51. Kd4 Qd2+
0-1

[Event "DEM U12/U12w 2009"]
[Site "Willingen GER"]
[Date "2009.06.05"]
[Round "9"]
[White "Bosse, Lea"]
[Black "Gabriel, Liem Thanh"]
[Result "1/2-1/2"]
[Termination "normal"]
[Board "30"]
[WhiteElo "1254"]
[BlackElo "1798"]
[PlyCount "122"]
[WhiteFideId "12900419"]
[BlackFideId "24696005"]
[EventCountry "GER"]
[EventRounds "11"]
[EventType "swiss"]
[EventDate "2009.05.30"]

1. e4 e6 2. d4 d5 3. Nc3 Bb4 4. Nge2 dxe4 5. a3 Bxc3+ 6. Nxc3 Nc6 7. Bb5 Nge7
8. Bg5 Bd7 9. a4 a6 10. Bc4 O-O 11. Nxe4 Qc8 12. Qd2 Nf5 13. c3 Na5 14. Qd3
Nxc4 15. Qxc4 h6 16. Bf4 Bc6 17. f3 Qd8 18. O-O Rc8 19. Rfe1 Bd5 20. Qd3 Nd6
21. Nxd6 cxd6 22. Rac1 Bc4 23. Qc2 Qb6 24. a5 Qc7 25. b3 Bd5 26. c4 Rfe8 27.
Qe2 Bc6 28. b4 Qd8 29. Qd3 b6 30. axb6 Qxb6 31. Bxd6 Rcd8 32. Bc5 Qb7 33. Re2
Qb8 34. Ra1 Qb7 35. Rae1 Qd7 36. Bb6 Rb8 37. Bc5 Rbc8 38. Ra1 Qb7 39. Ra5 Ra8
40. Rea2 Rf8 41. Qa3 f6 42. Rxa6 Rxa6 43. Qxa6 Ra8 44. Qxb7 Bxb7 45. Rxa8+ Bxa8
46. Kf2 Kf7 47. Ke3 g5 48. g3 Kg6 49. g4 h5 50. h3 h4 51. Bd6 Kf7 52. f4 Bg2
53. fxg5 fxg5 54. b5 Bxh3 55. b6 Bg2 56. c5 Bd5 57. Kd3 Ke8 58. Kc3 Kd7 59. Kb4
Kc6 60. Kc3 Kd7 61. Be5 Kc6 1/2-1/2

[Event "DEM U12/U12w 2009"]
[Site "Willingen GER"]
[Date "2009.06.05"]
[Round "9"]
[White "Cech, Tim"]
[Black "Kasel, Ronaldo"]
[Result "0-1"]
[Termination "normal"]
[Board "31"]
[WhiteElo "1410"]
[BlackElo "1544"]
[PlyCount "94"]
[WhiteFideId "1270258"]
[BlackFideId "24660949"]
[EventCountry "GER"]
[EventRounds "11"]
[EventType "swiss"]
[EventDate "2009.05.30"]

1. e4 e5 2. Nf3 Nc6 3. Nc3 Nf6 4. Bb5 d6 5. O-O Bg4 6. d3 a6 7. Bxc6+ bxc6 8.
Bg5 Rb8 9. Rb1 Be7 10. Re1 O-O 11. Re3 Bh5 12. d4 Nd5 13. exd5 Bxg5 14. Re1
exd4 15. Qxd4 Bxf3 16. gxf3 Bf6 17. Qe4 cxd5 18. Nxd5 Rxb2 19. Nxf6+ Qxf6 20.
Ra1 Qg6+ 21. Qxg6 fxg6 22. Re7 Rxc2 23. Kg2 Rd8 24. Rae1 d5 25. a4 Kf8 26. R7e6
d4 27. R6e4 d3 28. Rf4+ Kg8 29. Re7 Rc5 30. Rff7 Rh5 31. Rxg7+ Kh8 32. Rxc7 d2
33. Rgd7 d1=Q 34. Rxd1 Rxd1 35. Rc8+ Kg7 36. Rc7+ Kh6 37. Rc6 Ra5 38. Rc4 Ra1
39. Rh4+ Kg7 40. Rc4 R5xa4 41. Rc7+ Kh6 42. Ra7 Rb4 43. Kg3 a5 44. f4 a4 45. h4
a3 46. Ra6 a2 47. h5 Kxh5 0-1

[Event "DEM U12/U12w 2009"]
[Site "Willingen GER"]
[Date "2009.06.05"]
[Round "9"]
[White "Peters, Tom"]
[Black "Ismail, Nabil"]
[Result "1/2-1/2"]
[Termination "normal"]
[Board "32"]
[WhiteElo "1528"]
[BlackElo "1400"]
[PlyCount "48"]
[WhiteFideId "24694444"]
[EventCountry "GER"]
[EventRounds "11"]
[EventType "swiss"]
[EventDate "2009.05.30"]

1. e4 g6 2. d4 Bg7 3. c3 d6 4. Be3 Nf6 5. Nd2 a6 6. Ngf3 O-O 7. Be2 Nbd7 8. h3
c5 9. dxc5 Nxc5 10. e5 Ne8 11. exd6 exd6 12. Nc4 b6 13. O-O Bb7 14. Rc1 b5 15.
Nxd6 Qxd6 16. Qxd6 Nxd6 17. Bxc5 Rfd8 18. Rfd1 Nf5 19. Rxd8+ Rxd8 20. Rd1 Rc8
21. Bb4 h6 22. Rd7 Re8 23. Kf1 Bc8 24. Rd1 Be6 1/2-1/2

[Event "DEM U12/U12w 2009"]
[Site "Willingen GER"]
[Date "2009.06.05"]
[Round "9"]
[White "Gröning, Finn Jonathan"]
[Black "Siegert, Gregor"]
[Result "1-0"]
[Termination "normal"]
[Board "33"]
[WhiteElo "1513"]
[BlackElo "1392"]
[PlyCount "131"]
[WhiteFideId "1271634"]
[BlackFideId "1271250"]
[EventCountry "GER"]
[EventRounds "11"]
[EventType "swiss"]
[EventDate "2009.05.30"]

1. e4 c5 2. Nf3 d6 3. d4 cxd4 4. Nxd4 Nf6 5. Nc3 a6 6. Be3 e6 7. Be2 Be7 8. O-O
O-O 9. f3 Nbd7 10. Nb3 b5 11. a3 Bb7 12. Bf2 Rc8 13. Rc1 Ne5 14. Re1 Nfd7 15.
Bg3 Nb6 16. Bxe5 dxe5 17. Qxd8 Rfxd8 18. Na5 Ba8 19. Red1 f6 20. a4 b4 21.
Rxd8+ Rxd8 22. Na2 Nxa4 23. b3 Nc3 24. Nxc3 bxc3 25. Bxa6 Rd2 26. Bd3 Bc5+ 27.
Kh1 Be3 28. Nc4 Rxd3 29. Ra1 Rd8 30. Nxe3 Rc8 31. Nc4 Rd8 32. Ne3 Rc8 33. h3 g6
34. Ra6 Kf7 35. Ra7+ Kg8 36. Re7 f5 37. exf5 gxf5 38. Rxe6 e4 39. Nxf5 Kf7 40.
Ra6 Rd8 41. Nd6+ Ke7 42. Nxe4 Bxe4 43. fxe4 Rd2 44. Ra2 Re2 45. Kg1 Rd2 46. Kf1
Ke6 47. b4 Ke5 48. b5 Kxe4 49. b6 Ke3 50. g4 Rd1+ 51. Kg2 Rb1 52. Ra7 Rxb6 53.
Rd7 Rc6 54. Kg3 Ke4 55. Rxh7 Rd6 56. Re7+ Kd5 57. Rc7 Kd4 58. g5 Re6 59. Kf2
Rb6 60. Re7 Rb2 61. Re2 Rb6 62. h4 Rc6 63. Kf3 Kc5 64. h5 Kb4 65. h6 Rc7 66. g6
1-0

[Event "DEM U12/U12w 2009"]
[Site "Willingen GER"]
[Date "2009.06.05"]
[Round "9"]
[White "Fell, Fabian"]
[Black "Lemke, Berfîn"]
[Result "1/2-1/2"]
[Termination "normal"]
[Board "34"]
[WhiteElo "1488"]
[BlackElo "1312"]
[PlyCount "80"]
[WhiteFideId "24698873"]
[BlackFideId "1270578"]
[EventCountry "GER"]
[EventRounds "11"]
[EventType "swiss"]
[EventDate "2009.05.30"]

1. e4 e5 2. Nf3 Nc6 3. Bc4 Nf6 4. d4 exd4 5. O-O Nxe4 6. Re1 d5 7. Bxd5 Qxd5 8.
Nc3 Qh5 9. Nxe4 Be6 10. Bg5 Bd6 11. Nxd6+ cxd6 12. Bf4 Qd5 13. c3 Rc8 14. Nxd4
Nxd4 15. Qxd4 Qxd4 16. cxd4 Kd7 17. d5 Bf5 18. Re2 Rhe8 19. Rxe8 Rxe8 20. Be3
a6 21. Bd4 g6 22. f3 h5 23. Kf2 Bd3 24. Bc3 Re2+ 25. Kg3 Bf5 26. Rd1 g5 27. h3
Ke7 28. Rd4 b5 29. a4 Bd7 30. axb5 Bxb5 31. Re4+ Rxe4 32. fxe4 f6 33. Kf3 Bd3
34. Bd2 Bb5 35. g3 Bd3 36. Ke3 Bc2 37. Kf3 Bd1+ 38. Kf2 Bc2 39. Kf3 Bd1+ 40.
Kf2 Bc2 1/2-1/2

[Event "DEM U12/U12w 2009"]
[Site "Willingen GER"]
[Date "2009.06.05"]
[Round "9"]
[White "Hoffmann, Tim"]
[Black "Mehling, Katharina"]
[Result "1/2-1/2"]
[Termination "normal"]
[Board "35"]
[WhiteElo "1455"]
[BlackElo "1352"]
[PlyCount "68"]
[WhiteFideId "12900338"]
[BlackFideId "12900362"]
[EventCountry "GER"]
[EventRounds "11"]
[EventType "swiss"]
[EventDate "2009.05.30"]

1. e4 d6 2. d4 Nf6 3. Nc3 g6 4. Nf3 Bg7 5. Be2 O-O 6. O-O Nbd7 7. Bf4 Nh5 8.
Be3 Nhf6 9. Qd2 e5 10. dxe5 Nxe5 11. Rad1 Qe7 12. Bg5 Be6 13. Nd4 a6 14. b3 Qd7
15. f4 Nc6 16. Nxe6 Qxe6 17. Bf3 h6 18. Bh4 Qc8 19. Rfe1 Qe8 20. Nd5 Qd8 21.
Qe2 Re8 22. e5 g5 23. fxg5 hxg5 24. Bg3 Nxe5 25. Bxe5 Rxe5 26. Qf2 Nxd5 27.
Bxd5 Rxe1+ 28. Rxe1 Qf6 29. Qxf6 Bxf6 30. Rf1 Kg7 31. g4 c6 32. Bc4 Bd4+ 33.
Kg2 f6 34. Re1 Be5 1/2-1/2

[Event "DEM U12/U12w 2009"]
[Site "Willingen GER"]
[Date "2009.06.05"]
[Round "9"]
[White "Senf, Paul"]
[Black "Priese, Annika"]
[Result "1-0"]
[Termination "time forfeit"]
[Board "36"]
[WhiteElo "1330"]
[BlackElo "1446"]
[PlyCount "55"]
[WhiteFideId "12900389"]
[BlackFideId "24673730"]
[EventCountry "GER"]
[EventRounds "11"]
[EventType "swiss"]
[EventDate "2009.05.30"]

1. e4 c5 2. Nf3 d6 3. d4 cxd4 4. Nxd4 Nf6 5. Nc3 a6 6. Bg5 e6 7. f4 Nbd7 8. Qf3
Be7 9. O-O-O h6 10. Bxf6 Bxf6 11. g4 Qb6 12. Nb3 Nc5 13. h4 Rg8 14. Bg2 Be7 15.
f5 a5 16. Rdf1 Bf6 17. Rh3 a4 18. Nxc5 Qxc5 19. Qd3 Ra6 20. Rd1 a3 21. b3 Rc6
22. e5 Bxe5 23. Bxc6+ Qxc6 24. Kb1 Ke7 25. Re3 Qc5 26. Na4 Qa5 27. c3 Qc7 28.
c4 1-0

[Event "DEM U12/U12w 2009"]
[Site "Willingen GER"]
[Date "2009.06.05"]
[Round "9"]
[White "Koch, Elisabeth"]
[Black "Eichstaedt, Mirko"]
[Result "0-1"]
[Termination "normal"]
[Board "37"]
[WhiteElo "1301"]
[BlackElo "1450"]
[PlyCount "56"]
[WhiteFideId "24695068"]
[BlackFideId "24692310"]
[EventCountry "GER"]
[EventRounds "11"]
[EventType "swiss"]
[EventDate "2009.05.30"]

1. e4 e5 2. Nf3 Nf6 3. Nxe5 d6 4. Nf3 Nxe4 5. d4 d5 6. Bd3 Nc6 7. c4 Bb4+ 8.
Bd2 Nxd2 9. Nbxd2 dxc4 10. Bxc4 Nxd4 11. Qa4+ Nc6 12. O-O-O O-O 13. a3 Bxd2+
14. Rxd2 Qf6 15. h3 a6 16. Nh4 Rb8 17. Bd3 Ne5 18. Nf3 Nxd3+ 19. Rxd3 Bf5 20.
Re3 c5 21. g4 Be6 22. g5 Qf5 23. h4 Bd5 24. Re5 Qxf3 25. Ree1 b5 26. Qxa6 Qf4+
27. Kb1 Bxh1 28. Ka1 Be4 0-1

[Event "DEM U12/U12w 2009"]
[Site "Willingen GER"]
[Date "2009.06.05"]
[Round "9"]
[White "Schwarz, Larissa"]
[Black "Velkina, Elina"]
[Result "1-0"]
[Termination "normal"]
[Board "38"]
[WhiteElo "1403"]
[BlackElo "1113"]
[PlyCount "97"]
[WhiteFideId "24699004"]
[BlackFideId "1271679"]
[EventCountry "GER"]
[EventRounds "11"]
[EventType "swiss"]
[EventDate "2009.05.30"]

1. e4 e5 2. Nf3 d6 3. Bc4 Be7 4. c3 Nf6 5. Ng5 O-O 6. Qb3 Qe8 7. d3 h6 8. Nf3
c6 9. Qc2 b5 10. Bb3 Nbd7 11. Be3 Bb7 12. Nbd2 d5 13. exd5 cxd5 14. h3 a6 15.
Ke2 Rc8 16. Qd1 Nh5 17. g3 Kh8 18. Qg1 f5 19. Nf1 f4 20. gxf4 exf4 21. Bd4 Bc5+
22. Kd2 Bxd4 23. Nxd4 f3 24. Re1 Qf7 25. Re3 Rce8 26. Rxf3 Qe7 27. Rxf8+ Nxf8
28. Ne3 Qe5 29. Qg4 Bc8 30. Qf3 Nf4 31. Bxd5 Nxd5 32. Qxd5 Qf6 33. Qf3 Qe7 34.
Re1 Bb7 35. Qg3 Bd5 36. a3 Qf7 37. Re2 Ng6 38. Nxd5 Rxe2+ 39. Nxe2 Qxd5 40.
Qxg6 Qf3 41. Qe8+ Kh7 42. Qe4+ Qxe4 43. dxe4 Kg6 44. Ng3 Kf6 45. Kd3 Ke5 46.
f4+ Kxf4 47. Nh5+ Ke5 48. Nxg7 Kf4 49. Kd4 1-0

[Event "DEM U12/U12w 2009"]
[Site "Willingen GER"]
[Date "2009.06.05"]
[Round "9"]
[White "Oltmanns, Bianca"]
[Black "Rahimi, Anita"]
[Result "1-0"]
[Termination "normal"]
[Board "39"]
[WhiteElo "1234"]
[BlackElo "1290"]
[PlyCount "85"]
[WhiteFideId "24698008"]
[BlackFideId "24692336"]
[EventCountry "GER"]
[EventRounds "11"]
[EventType "swiss"]
[EventDate "2009.05.30"]

1. e4 c5 2. Nf3 d6 3. d4 cxd4 4. Nxd4 e6 5. Nc3 Nc6 6. Be3 a6 7. Qd2 Nf6 8. f3
Be7 9. O-O-O Bd7 10. g4 h6 11. h4 Rc8 12. Nxc6 Bxc6 13. Bd3 b5 14. g5 Nd7 15.
gxh6 gxh6 16. Bxh6 Rg8 17. h5 Rh8 18. Rdg1 d5 19. exd5 exd5 20. Re1 Nc5 21. Bf5
Rc7 22. Bg5 d4 23. Ne4 Nxe4 24. Bxe4 Bxe4 25. Rxe4 Qd5 26. Kb1 Qf5 27. Qxd4 Rg8
28. Rd1 Qc8 29. Qf6 Qb7 30. Qd4 Qc8 31. Qc5 Qb7 32. f4 f5 33. Ree1 Rf8 34. h6
Rf7 35. Qe5 Qc6 36. Qe2 Kf8 37. Qd3 Rc8 38. Bxe7+ Rxe7 39. Qxf5+ Ke8 40. h7
Rxe1 41. h8=Q+ Ke7 42. Qg7+ Ke8 43. Qff7# 1-0

[Event "DEM U12/U12w 2009"]
[Site "Willingen GER"]
[Date "2009.06.05"]
[Round "9"]
[White "Fuchs, Linda"]
[Black "Zimmermann, Jasmin"]
[Result "0-1"]
[Termination "normal"]
[Board "40"]
[WhiteElo "1202"]
[BlackElo "1283"]
[PlyCount "84"]
[WhiteFideId "12900435"]
[BlackFideId "12900400"]
[EventCountry "GER"]
[EventRounds "11"]
[EventType "swiss"]
[EventDate "2009.05.30"]

1. e4 d6 2. d4 Nf6 3. Nc3 g6 4. Nf3 Bg7 5. Be3 O-O 6. Be2 Nbd7 7. Qd2 Re8 8.
O-O-O a5 9. Bh6 Bh8 10. h4 Ng4 11. Be3 Ndf6 12. Rhf1 c6 13. Bd3 b5 14. Ne2 Qc7
15. Ng3 h5 16. Rfe1 Bd7 17. Ng5 c5 18. d5 c4 19. Be2 b4 20. Bxg4 Bxg4 21. f3
Bd7 22. Bd4 Rec8 23. Ne2 Rab8 24. Qe3 b3 25. a3 bxc2 26. Rd2 Ba4 27. Nc3 Bb3
28. Ree2 Qb7 29. Nh3 Qd7 30. Qf2 Ne8 31. Bxh8 Kxh8 32. Ng5 f6 33. Ne6 Nc7 34.
Nd4 Na6 35. Qe3 Kh7 36. Nxc2 Nc5 37. Ne1 Rb6 38. Rf2 Rcb8 39. Kb1 Na4 40. Ka1
Nc5 41. Rde2 Ba4 42. Qd4 Nb3+ 0-1

[Event "DEM U12/U12w 2009"]
[Site "Willingen GER"]
[Date "2009.06.05"]
[Round "9"]
[White "Genath, Maren"]
[Black "Michels, Kim"]
[Result "1-0"]
[Termination "normal"]
[Board "41"]
[WhiteElo "924"]
[BlackElo "1349"]
[PlyCount "127"]
[BlackFideId "24690066"]
[EventCountry "GER"]
[EventRounds "11"]
[EventType "swiss"]
[EventDate "2009.05.30"]

1. e4 c5 2. Nf3 Nc6 3. Bc4 g6 4. Nc3 Bg7 5. O-O d6 6. h3 Nf6 7. d3 O-O 8. Be3
Bd7 9. Qd2 Rb8 10. Bh6 Nd4 11. Nxd4 cxd4 12. Nd5 Nxd5 13. Bxd5 b6 14. Bxg7 Kxg7
15. Qb4 Rc8 16. Rac1 e5 17. Qxd6 Qc7 18. Qxc7 Rxc7 19. f4 exf4 20. Rxf4 Bb5 21.
Rf3 Bc6 22. Bxc6 Rxc6 23. c3 Rfc8 24. c4 b5 25. b3 a6 26. Rcf1 R6c7 27. Rf6
bxc4 28. bxc4 Ra8 29. Rd6 a5 30. Rxd4 Rb8 31. Rd5 a4 32. Ra5 Rb2 33. Rxa4 Rd2
34. Ra3 Rd7 35. Rf3 Kf8 36. c5 Ke7 37. c6 Rc7 38. Rc3 Rxa2 39. Rf2 Ra6 40. Rfc2
Kd6 41. Kf2 Raxc6 42. Rxc6+ Rxc6 43. Rxc6+ Kxc6 44. d4 Kd6 45. Kf3 Ke6 46. Kf4
h6 47. h4 Kd6 48. g3 Ke6 49. d5+ Kd6 50. g4 f6 51. h5 gxh5 52. gxh5 Kd7 53. Kf5
Ke7 54. e5 fxe5 55. Kxe5 Kd8 56. Ke6 Kc7 57. Ke7 Kb8 58. d6 Ka7 59. d7 Kb7 60.
d8=Q Ka7 61. Qd5 Ka6 62. Qb3 Ka7 63. Kd7 Ka6 64. Kc6 1-0

[Event "DEM U12/U12w 2009"]
[Site "Willingen GER"]
[Date "2009.06.05"]
[Round "9"]
[White "Böhme, Mathis"]
[Black "Bajorski, Maria Sophie"]
[Result "0-1"]
[Termination "normal"]
[Board "42"]
[WhiteElo "1190"]
[BlackElo "1485"]
[PlyCount "106"]
[WhiteFideId "12900443"]
[BlackFideId "24654531"]
[EventCountry "GER"]
[EventRounds "11"]
[EventType "swiss"]
[EventDate "2009.05.30"]

1. e4 e5 2. Bc4 Nf6 3. d4 exd4 4. e5 d5 5. Bb3 Ne4 6. Qxd4 Bc5 7. Qxd5 Qxd5 8.
Bxd5 Nxf2 9. b4 Bb6 10. c4 Nxh1 11. c5 c6 12. Be4 Bc7 13. Bb2 O-O 14. g3 Nxg3
15. hxg3 Bg4 16. Bf3 Bxf3 17. Nxf3 Nd7 18. Na3 Rfe8 19. O-O-O Nxe5 20. Nxe5
Bxe5 21. Nc4 Bxg3 22. Rg1 Re1+ 23. Rxe1 Bxe1 24. Nd6 b5 25. cxb6 axb6 26. a3 h5
27. Nf5 g6 28. Kd1 Re8 29. Nd4 c5 30. bxc5 bxc5 31. Ne2 Bh4 32. a4 Ra8 33. Ba3
Rxa4 34. Bxc5 Bd8 35. Bf2 Kg7 36. Nc3 Rc4 37. Ke2 Rxc3 38. Bd4+ Bf6 39. Bxc3
Bxc3 40. Kf3 Kf6 41. Kg3 g5 42. Kh3 g4+ 43. Kg3 Be1+ 44. Kh2 h4 45. Kg2 Kf5 46.
Kh2 Kf4 47. Kg2 h3+ 48. Kh2 Kf3 49. Kh1 g3 50. Kg1 Bf2+ 51. Kh1 g2+ 52. Kh2
g1=Q+ 53. Kxh3 Qg3# 0-1